Music Quiz

Random Music Quiz
Score 0/256 Timer 15:00
0 Plays Today
% Correct
My
100%
My
100%
My
100%
My
100%
My
100%
My
100%
My
100%
My
100%
My
100%
My
100%
My
100%
My
100%
My
100%
My
100%
My
100%
She
92.3%
Said
92.3%
She
92.3%
Loved
92.3%
Me
92.3%
Back
92.3%
On
92.3%
Our
92.3%
First
92.3%
Date
92.3%
I
92.3%
Said
92.3%
You
92.3%
She
92.3%
Said
92.3%
I
92.3%
Like
92.3%
The
92.3%
She
92.3%
Said
92.3%
The
92.3%
You've
92.3%
Got
92.3%
Love
92.3%
I
92.3%
Know
92.3%
I
92.3%
Know
92.3%
The
92.3%
You've
92.3%
Got
92.3%
I
92.3%
Know
92.3%
I
92.3%
Know
92.3%
The
92.3%
Don't
92.3%
Break
92.3%
You
92.3%
Me
92.3%
You
92.3%
Loved
92.3%
Me
92.3%
The
92.3%
Don't
92.3%
Break
92.3%
She
92.3%
Got
92.3%
Like
92.3%
Me
92.3%
She
92.3%
The
92.3%
I
92.3%
She
92.3%
Me
92.3%
Like
92.3%
You've
92.3%
Got
92.3%
Love
92.3%
I
92.3%
Know
92.3%
I
92.3%
Know
92.3%
The
92.3%
You've
92.3%
Got
92.3%
Love
92.3%
I
92.3%
Know
92.3%
I
92.3%
Know
92.3%
% Correct
The
92.3%
Don't
92.3%
Break
92.3%
Break
92.3%
You
92.3%
Me
92.3%
You
92.3%
Loved
92.3%
Me
92.3%
The
92.3%
Don't
92.3%
Break
92.3%
Don't
92.3%
Break
92.3%
Love
92.3%
You
92.3%
You
92.3%
Don't
92.3%
Break
92.3%
Love
92.3%
You
92.3%
You
92.3%
Don't
92.3%
Break
92.3%
You
92.3%
Me
92.3%
Love
92.3%
Me
92.3%
The
92.3%
Don't
92.3%
Break
92.3%
Love
92.3%
You
92.3%
You
92.3%
Don't
92.3%
Break
92.3%
Love
92.3%
You
92.3%
You
92.3%
Don't
92.3%
Break
92.3%
Sure
84.6%
Just
84.6%
Can't
84.6%
Wait
84.6%
It
84.6%
Was
84.6%
So
84.6%
Quick
84.6%
It's
84.6%
Chase
84.6%
Way
84.6%
We
84.6%
Met
84.6%
It
84.6%
Must
84.6%
Be
84.6%
Fate
84.6%
Oh
84.6%
Yeah
84.6%
I'm
84.6%
Done
84.6%
Girl
84.6%
Yeah
84.6%
Yeah
84.6%
You're
84.6%
One
84.6%
Heart
84.6%
I'm
84.6%
Girl
84.6%
That
84.6%
You're
84.6%
One
84.6%
That
84.6%
One
84.6%
I'm
84.6%
I'm
84.6%
Done
84.6%
Girl
84.6%
That
84.6%
You're
84.6%
One
84.6%
I'm
84.6%
Girl
84.6%
That
84.6%
You're
84.6%
% Correct
One
84.6%
Heart
84.6%
Heart
84.6%
Heart
84.6%
I'm
84.6%
Heart
84.6%
I'm
84.6%
That
84.6%
Heart
84.6%
Heart
84.6%
I'm
84.6%
Heart
84.6%
I'm
84.6%
Skipped
76.9%
A
76.9%
Start
69.2%
Start
69.2%
Start
69.2%
Sprung
61.5%
Told
61.5%
To
61.5%
And
61.5%
At
61.5%
Sprung
61.5%
Told
61.5%
Told
61.5%
From
53.8%
Hey Hey
53.8%
Play
53.8%
Guitar
53.8%
Looks
53.8%
Chocolate
53.8%
Bar
53.8%
From
53.8%
Hey Hey
53.8%
I'll
53.8%
I'll
53.8%
I'll
53.8%
I'll
53.8%
From
53.8%
I'll
53.8%
I'll
53.8%
I'll
53.8%
I'll
53.8%
Oh Yeah
46.2%
Eyes
46.2%
They
46.2%
Light
46.2%
Up
46.2%
Stars
46.2%
Every
46.2%
Time
46.2%
Oh Yeah
46.2%
Oh Yeah
46.2%
Always
46.2%
Never
46.2%
Leave
46.2%
Going
46.2%
Insane
46.2%
Always
46.2%
Never
46.2%
Leave
46.2%
Going
46.2%
Insane
46.2%
you'd
46.2%
Always
46.2%
Never
46.2%
Leave
46.2%
Going
46.2%
Insane
46.2%
Always
46.2%
Never
46.2%
Leave
46.2%
Going
46.2%
Insane
46.2%
Oh No
38.5%
Them
38.5%
Number
38.5%
Tops
38.5%
Charts
38.5%
My Break My Break
30.8%
My Break My Break My Break
23.1%
My Heart
23.1%
Don't Break My Heart
23.1%
Come Together.
Have Fun.
All Virtual.
We all need to come together. Play Sporcle's virtual live trivia to have fun, connect with people, and get your trivia on. Join a live hosted trivia game for your favorite pub trivia experience done virtually. If a virtual private party is more your thing, go here for details.

You're not logged in!

Compare scores with friends on all Sporcle quizzes.
OR
Log In

Sporcle TV

Today on Sporcle TV


Watch our educational content, quiz creation guides, and fun videos on Sporcle TV.

Show Comments

Extras

Created Jul 11, 2019SourceReportNominate
Tags:break, heart

Top Quizzes Today


Score Distribution

Paid Content

Your Account Isn't Verified!

In order to create a playlist on Sporcle, you need to verify the email address you used during registration. Go to your Sporcle Settings to finish the process.

Report this User

Report this user for behavior that violates our Community Guidelines.

Details: